<?xml version="1.0" encoding="UTF-8"?>
<record
    xmlns:xsi="http://www.w3.org/2001/XMLSchema-instance"
    xsi:schemaLocation="http://www.loc.gov/MARC21/slim http://www.loc.gov/standards/marcxml/schema/MARC21slim.xsd"
    xmlns="http://www.loc.gov/MARC21/slim">

  <leader>00627nam a2200169Ia 4500</leader>
  <controlfield tag="008">230917s9999||||xx |||||||||||||| ||und||</controlfield>
  <datafield tag="020" ind1=" " ind2=" ">
    <subfield code="c">RS595</subfield>
  </datafield>
  <datafield tag="040" ind1=" " ind2=" ">
    <subfield code="e">239213</subfield>
    <subfield code="a">MAIN</subfield>
  </datafield>
  <datafield tag="041" ind1=" " ind2=" ">
    <subfield code="a">English</subfield>
  </datafield>
  <datafield tag="082" ind1=" " ind2=" ">
    <subfield code="a">891.43371109 RF598:SH</subfield>
  </datafield>
  <datafield tag="100" ind1=" " ind2=" ">
    <subfield code="a">&#x936;&#x930;&#x94D;&#x92E;&#x93E;, &#x939;&#x930;&#x940;&#x936; &#x915;&#x941;&#x92E;&#x93E;&#x930;</subfield>
  </datafield>
  <datafield tag="245" ind1=" " ind2="0">
    <subfield code="a">&#x92B;&#x923;&#x940;&#x936;&#x94D;&#x935;&#x930;&#x928;&#x93E;&#x925; &#x930;&#x947;&#x923;&#x941; &#x915;&#x947; &#x909;&#x92A;&#x928;&#x94D;&#x92F;&#x93E;&#x938;&#x94B;&#x902; &#x915;&#x947; &#x932;&#x94B;&#x915; &#x938;&#x902;&#x938;&#x94D;&#x915;&#x943;&#x924;&#x93F;</subfield>
  </datafield>
  <datafield tag="260" ind1=" " ind2=" ">
    <subfield code="a">&#x926;&#x93F;&#x932;&#x94D;&#x932;&#x940;</subfield>
    <subfield code="b">&#x91C;&#x93E;&#x938;&#x94D;&#x92E;&#x93F;&#x928; &#x92A;&#x92C;&#x94D;&#x932;&#x93F;&#x915;&#x947;&#x936;&#x928;</subfield>
    <subfield code="c">2013</subfield>
  </datafield>
  <datafield tag="300" ind1=" " ind2=" ">
    <subfield code="a">288 &#x92A;&#x943;. p.</subfield>
  </datafield>
  <datafield tag="500" ind1=" " ind2=" ">
    <subfield code="a">2695 27/03/2017 IBS17/754 27/03/2017 Main Budget</subfield>
  </datafield>
  <datafield tag="942" ind1=" " ind2=" ">
    <subfield code="c">BK</subfield>
  </datafield>
  <datafield tag="952" ind1=" " ind2=" ">
    <subfield code="0">0</subfield>
    <subfield code="1">0</subfield>
    <subfield code="4">0</subfield>
    <subfield code="6">891_433711090000000_RF598SH</subfield>
    <subfield code="7">0</subfield>
    <subfield code="9">39236</subfield>
    <subfield code="a">MAIN</subfield>
    <subfield code="b">MAIN</subfield>
    <subfield code="d">2017-05-18</subfield>
    <subfield code="g">595.00</subfield>
    <subfield code="l">0</subfield>
    <subfield code="o">891.43371109 RF598:SH</subfield>
    <subfield code="p">365864</subfield>
    <subfield code="r">2023-09-17 20:31:52</subfield>
    <subfield code="w">2023-09-17</subfield>
    <subfield code="y">BK</subfield>
    <subfield code="g">595</subfield>
  </datafield>
  <datafield tag="999" ind1=" " ind2=" ">
    <subfield code="c">22205</subfield>
    <subfield code="d">22205</subfield>
  </datafield>
</record>
